Функциональные возможности высказываний со значением зрительного восприятия (на материале поэзии Б. Пастернака); Коммуникативные аспекты языка и культуры; Ч. 1

Bibliographische Detailangaben
Parent link:Коммуникативные аспекты языка и культуры: сборник материалов XII Международной научно-практической конференции студентов и молодых ученых, г. Томск, 16-18 мая 2012 г./ Национальный исследовательский Томский политехнический университет (ТПУ), Институт международного образования и языковой коммуникации (ИМОЯК) ; под ред. С. А. Песоцкой.— , 2012
Ч. 1.— 2012.— [С. 244-246]
1. Verfasser: Двизова А. В.
Weitere Verfasser: Крюкова Л. Б. (научный руководитель)
Zusammenfassung:Заглавие с титульного листа.
Электронная версия печатной публикации.
Sprache:Russisch
Veröffentlicht: 2012
Schriftenreihe:Текст как системное единство
Schlagworte:
Online-Zugang:http://www.lib.tpu.ru/fulltext/c/2012/C77/V1/057.pdf
Format: Elektronisch Buchkapitel
KOHA link:https://koha.lib.tpu.ru/cgi-bin/koha/opac-detail.pl?biblionumber=608773

MARC

LEADER 00000naa2a2200000 4500
001 608773
005 20231102023135.0
035 |a (RuTPU)RU\TPU\conf\6209 
035 |a RU\TPU\conf\6208 
090 |a 608773 
100 |a 20141012d2012 k y0rusy50 ca 
101 0 |a rus 
102 |a RU 
105 |a y z 100zy 
135 |a drcn ---uucaa 
181 0 |a i  
182 0 |a b 
200 1 |a Функциональные возможности высказываний со значением зрительного восприятия (на материале поэзии Б. Пастернака)  |f А. В. Двизова  |g науч. рук. Л. Б. Крюкова 
203 |a Текст  |c электронный 
215 |a 1 файл (129 Кб) 
225 1 |a Текст как системное единство 
230 |a Электронные текстовые данные (1 файл : 129 Кб) 
300 |a Заглавие с титульного листа. 
300 |a Электронная версия печатной публикации. 
320 |a [Библиогр.: с. 246 (2 назв.)] 
337 |a Adobe Reader 
461 1 |0 (RuTPU)RU\TPU\conf\4597  |t Коммуникативные аспекты языка и культуры  |o сборник материалов XII Международной научно-практической конференции студентов и молодых ученых, г. Томск, 16-18 мая 2012 г.  |o в 3 ч.  |f Национальный исследовательский Томский политехнический университет (ТПУ), Институт международного образования и языковой коммуникации (ИМОЯК) ; под ред. С. А. Песоцкой  |d 2012 
463 1 |0 (RuTPU)RU\TPU\conf\4599  |t Ч. 1  |v [С. 244-246]  |d 2012 
600 1 |a Пастернак  |b Б. Л.  |c русский писатель  |c поэт  |f 1890-1960  |g Борис Леонидович  |2 stltpush  |3 (RuTPU)RU\TPU\pers\456  |9 223 
610 1 |a электронный ресурс 
610 1 |a функциональные возможности 
610 1 |a высказывания 
610 1 |a зрительное восприятие 
610 1 |a поэзия 
610 1 |a семантика 
610 1 |a текстообразование 
700 1 |a Двизова  |b А. В. 
702 1 |a Крюкова  |b Л. Б.  |4 727 
801 1 |a RU  |b 63413507  |c 20140902 
801 2 |a RU  |b 63413507  |c 20160122  |g RCR 
856 4 |u http://www.lib.tpu.ru/fulltext/c/2012/C77/V1/057.pdf 
942 |c BK